LIBRARY & INFORMATION CENTRE, KCAET, TAVANUR

ONLINE PUBLIC ACCESS CATALOGUE (OPAC)

Judgment In Literature / (Record no. 2796)

MARC details
000 -LEADER
fixed length control field 00391cam a2200157ua 4500
041 ## - LANGUAGE CODE
Language code of text/sound track or separate title eng
082 ## - DEWEY DECIMAL CLASSIFICATION NUMBER
Classification number 828.09
Item number BAS/JU
100 ## - MAIN ENTRY--AUTHOR NAME
Personal name Basil Wors Fold, W .
245 ## - TITLE STATEMENT
Title Judgment In Literature /
250 ## - EDITION STATEMENT
Edition statement 1 /
260 ## - PUBLICATION, DISTRIBUTION, ETC. (IMPRINT)
Place of publication Bhopal :
Name of publisher Lyall Book Depot ,
Year of publication 1967.
300 ## - PHYSICAL DESCRIPTION
Number of Pages 117 ; .
942 ## - ADDED ENTRY ELEMENTS (KOHA)
Koha item type Books
Holdings
Withdrawn status Lost status Damaged status Home library Current library Date acquired Full call number Accession Number Koha item type
Withdrawn     KAUAET Central Prison Tavanur 07/04/2012 828.09 11543 Books
free website counter